|
|
|
|
| LEADER |
00000cam a2200000 a 4500 |
| 001 |
vtls001380976 |
| 003 |
SK-MaSNL |
| 005 |
20260301161358.0 |
| 008 |
240226s1966 xo oa grn 001 0 slo |
| 015 |
|
|
|a SNBA1966
|
| 020 |
|
|
|q (viazané)
|
| 035 |
|
|
|a SNK000334981
|
| 035 |
|
|
|a 853AE19C-7932-407B-8B08-354E75569BDE
|
| 035 |
|
|
|a urn:nbn:sk:snk-am00ih9y
|
| 040 |
|
|
|a SNK
|b slo
|c SNK
|e AACR2
|
| 041 |
1 |
|
|a slo
|h eng
|
| 044 |
|
|
|a xo
|c SK
|a rb
|c RS
|
| 072 |
|
7 |
|a 75
|x Maliarstvo
|2 konspekt
|
| 080 |
|
|
|a 75
|2 2011
|
| 080 |
|
|
|a (048.8)
|2 2011
|
| 080 |
|
|
|a 75(091)
|2 2011
|
| 080 |
|
|
|a 75.071.1
|2 2011
|
| 100 |
1 |
|
|a Levey, Michael,
|d 1927-2008
|4 aut
|9 304662
|
| 240 |
1 |
2 |
|a A concise history of painting from Giotto to Cézanne
|l Slovensky
|
| 245 |
1 |
0 |
|a Stručné dejiny maliarstva od Giotta po Cézanna
|c Michael Levey ; z anglického originálu A Concise History of Painting from Giotto to Cézanne ... preložil Ivan Krčméry
|
| 250 |
|
|
|a 1. vyd.
|
| 260 |
|
|
|a Bratislava
|b Tatran
|a Belehrad
|b Jugoslavija
|c 1966
|
| 300 |
|
|
|a 324 strán,
|b fotografie (prevažne farebné), ilustrácie
|c 21 cm
|
| 366 |
|
|
|e 10000 kusov
|
| 500 |
|
|
|a Zoznam reprodukcií
|
| 500 |
|
|
|a 549 farebných reprodukcií
|
| 504 |
|
|
|a Obsahuje register
|
| 648 |
|
7 |
|a 14.-19. storočie
|2 SNKPH
|9 378553
|
| 650 |
0 |
7 |
|a maliarstvo
|2 SNKPH
|9 812
|
| 650 |
0 |
7 |
|a dejiny maliarstva
|2 SNKPH
|9 236506
|
| 650 |
0 |
7 |
|a monografie
|2 SNKPH
|9 256509
|
| 650 |
0 |
7 |
|a reprodukcie umeleckých diel
|2 SNKPH
|9 75536
|
| 655 |
|
7 |
|a štúdie
|2 SNKPH
|9 57033
|
| 700 |
1 |
|
|a Krčméry, Ivan,
|d 1921-1997
|4 trl
|9 107767
|
| 852 |
|
|
|a Slovenská národná knižnica
|
| 954 |
|
|
|a odborná, vedecká literatúra cudzojazyčná (svetová)
|2 lita
|
| 958 |
|
|
|a RK
|
| 958 |
|
|
|a TL
|
| 958 |
|
|
|a OND
|
| 958 |
|
|
|a OP
|
| 958 |
|
|
|a NB
|
| 958 |
|
|
|a EUIPO
|
| 999 |
|
|
|c 809204
|d 811134
|
| 952 |
|
|
|t P60, <04>, [BOOK], {604}
|a SNK
|b SNK
|y VYP
|7 0
|p 17A0223608
|o snkSC 22122 D1
|0 0
|1 0
|4 0
|d 2000-01-17
|l 0
|r 2005-01-02 00:00:00
|w 2026-02-24
|
| 952 |
|
|
|a SNK
|b SNK
|y PREZ
|7 0
|p 17A0800962
|o snkSC 22122
|i snkKSP 7378/66
|0 0
|1 0
|4 0
|d 2012-08-27
|f 1
|l 0
|r 2026-02-24 02:31:18
|w 2026-02-24
|